PDC World Darts Championship 2024 - International Qualifiers - Statistics

General Stats
  • This quiz has been taken 13 times
  • The average score is 17 of 32
Answer Stats
Qualification Nationality Answer % Correct
PDC Development Tour England Luke Littler
80%
PDC Women's Series England Fallon Sherrock
70%
PDC Nordic & Baltic Sweden Jeffrey de Graaf
70%
DPNZ Qualifier New Zealand Ben Robb
60%
PDC TCH Qualifier Croatia Boris Krcmar
60%
CDC Pro Tour Canada David Cameron
60%
PDC TCH Qualifier Germany Florian Hempel
60%
Oceanic Masters New Zealand Haupai Puha
60%
East Europe Qualifier Poland Krzysztof Kciuk
60%
PDC Asian Tour Philippines Lourence Ilagan
60%
PDC Asian Tour Hong Kong Man Lok Leung
60%
PDC Nordic & Baltic Finland Marko Kantele
60%
PDC Women's Series Japan Mikuru Suzuki
60%
PDC TCH Qualifier Austria Rusty-Jake Rodriguez
60%
African Qualifier South Africa Simon Adams
60%
CDC Pro Tour United States Stowe Buntz
60%
West Europe Qualifier France Thibault Tricole
60%
PDC Asian Tour Japan Tomoya Goto
60%
PDC Development Tour Netherlands Wessel Nijman
60%
PDC Europe Super League Germany Dragutin Horvat
50%
CDC Pro Tour United States Alex Spellman
40%
Indian Qualifier India Bhav Patel
40%
DPA Pro Tour New Zealand Darren Penhall
40%
PDC Asian Championship Japan Haruki Muramatsu
40%
CLDC Pro Tour Guyana Norman Madhoo
40%
PDC Challenge Tour England Owen Bates
40%
PDC Asian Tour Philippines Paolo Nebrida
40%
PDC Asian Tour Philippines Reynaldo Rivera
40%
PDC Asian Championship Philippines Sandro Eric Sosing
40%
PDC China Premier League China Zong Xiao Chen
40%
PDC Challenge Tour Netherlands Berry van Peer
30%
PDC TCH Qualifier England Darren Webster
20%
No matching quizzes found
Score Distribution
Percent of People with Each Score
Percentile by Number Answered
Your Score History
You have not taken this quiz